| 000 | 00485nam a22001817a 4500 | ||
|---|---|---|---|
| 003 | OSt | ||
| 005 | 20160714153153.0 | ||
| 008 | 160714b xxu||||| |||| 00| 0 eng d | ||
| 020 | _a9781853159718 | ||
| 040 | _cDNLM | ||
| 082 | _aWB18W962g 2010. | ||
| 100 |
_aWuntakal,Rekha;Tony, Hollingworth _910219 |
||
| 245 | _aGet through MRCOG part 1:MCQS and EMQS | ||
| 260 |
_aUK; _bHodder Arnold, _c2010. |
||
| 300 |
_axiii,218p; _bill. _c24cm |
||
| 650 |
_amedicine _9324 |
||
| 942 |
_2z _cO_SHELF |
||
| 999 |
_c4743 _d4743 |
||